000 00648nam a22002177a 4500
003 AM-YeHGA
005 20250617153955.0
008 180403b xxu||||| |||| 00| 0 rus d
040 _aAM-YeHGA
041 0 _arus
245 0 0 _aПьесы /
_cК. Тренев, Вс. Иванов, Н. Погодин и др.
260 _aМосква :
_bПравда,
_c1947
300 _a384 с.
440 0 _aБиблиотека "Огонек"
653 0 _aРусская драматургия
700 1 _aТренев, К.
700 1 _aИванов, Всеволод
700 1 _aПогодин, Н.
942 _2udc
_cBK
090 _c404110
999 _c401897
_d401897